000 00685cam a2200253 4500
999 _c8785
_d8785
001 8785
003 BD-JhCC
005 20180529140109.0
008 730913s1974 nyua b 001 0 eng
035 _a(BD-JhCC)8785
040 _aDLC
_cDLC
_dDLC
_dBD-JhCC
041 _aeng
082 0 0 _a500.2
_bSLA 1974
100 1 _aSlabaugh, Weldell H.
245 1 0 _aCollege physical science /
_cWeldell H. Slabaugh and Alfred B. Butler
250 _a3d ed.
260 _aNew York,
_bHarper & Row
_c[1974]
300 _a496 p. :
_billus.
_c27 cm.
504 _aIncludes bibliographies.
650 0 _aPhysical sciences.
700 _aButler, Alfred B.
942 _2ddc
_cBK